[Event "FRA-chT3 0405"]
[Site "France"]
[Date "2005.03.13"]
[Round "7"]
[White "Gaste, Loic"]
[Black "Cheverry, Francois"]
[Result "0-1"]
[WhiteElo "2117"]
[BlackElo "2146"]
[PlyCount "40"]
[EventDate "2004.10.10"]
[EventType "team-tourn"]
[EventRounds "9"]
[EventCountry "FRA"]
[SourceTitle "EXT 2007"]
[Source "ChessBase"]
[SourceDate "2006.11.23"]
[SourceVersion "1"]
[SourceVersionDate "2006.11.23"]
[SourceQuality "1"]

1. d4 Nf6 2. Nc3 d5 3. e4 dxe4 4. f3 exf3 5. Nxf3 Bg4 6. h3 Bxf3 7. Qxf3 c6 8. Be3 e6 9. Bd3 Be7 10. g4 Nd5 11. 0-0 Bf6 12. Nxd5 Qxd5 13. Be4 Qd7 14. Rad1 Qe7 15. c4 Nd7 16. Rd2 0-0 17. Rg2 g6 18. h4 Bxh4 19. g5 f6 20. gxf6 Qxf6 0-1

[Event "FRA-chT3 0405"]
[Site "France"]
[Date "2005.01.09"]
[Round "5"]
[White "Chabradze, Boris"]
[Black "Cheverry, Francois"]
[Result "0-1"]
[WhiteElo "2126"]
[BlackElo "2146"]
[PlyCount "46"]
[EventDate "2004.10.10"]
[EventType "team-tourn"]
[EventRounds "9"]
[EventCountry "FRA"]
[SourceTitle "EXT 2007"]
[Source "ChessBase"]
[SourceDate "2006.11.23"]
[SourceVersion "1"]
[SourceVersionDate "2006.11.23"]
[SourceQuality "1"]

1. e4 c6 2. d4 d5 3. e5 c5 4. c3 Nc6 5. Nf3 Bg4 6. Be2 e6 7. Nbd2 Nge7 8. 0-0 cxd4 9. Nxd4 Bxe2 10. Qxe2 Nxd4 11. cxd4 Qb6 12. Nb3 Nf5 13. Be3 Be7 14. Rac1 0-0 15. Rc2 Rac8 16. Rfc1 Rxc2 17. Rxc2 h6 18. g3 Rd8 19. Kg2 a5 20. Qd3 a4 21. Nd2 Rd7 22. Qc3 Bb4 23. Qc8+ Rd8 0-1

[Event "FRA-chT3 0405"]
[Site "France"]
[Date "2004.12.05"]
[Round "4"]
[White "Le Moine, Cedric"]
[Black "Cheverry, Francois"]
[Result "0-1"]
[WhiteElo "1980"]
[BlackElo "2146"]
[PlyCount "62"]
[EventDate "2004.10.10"]
[EventType "team-tourn"]
[EventRounds "9"]
[EventCountry "FRA"]
[SourceTitle "EXT 2007"]
[Source "ChessBase"]
[SourceDate "2006.11.23"]
[SourceVersion "1"]
[SourceVersionDate "2006.11.23"]
[SourceQuality "1"]

1. e4 c6 2. d4 d5 3. exd5 cxd5 4. c4 Nf6 5. Nc3 Nc6 6. Nf3 Bg4 7. Be2 e6 8. Bg5 Be7 9. 0-0 0-0 10. c5 b6 11. Qa4 Bxf3 12. Bxf3 Rc8 13. cxb6 Qxb6 14. Ne2 h6 15. Be3 Qxb2 16. Rab1 Qa3 17. Qxa3 Bxa3 18. Rb3 Bd6 19. Rfb1 Rb8 20. Nc3 Na5 21. Rxb8 Rxb8 22. Rb5 Nc4 23. Bc1 Rc8 24. Rb7 Na5 25. Rb1 Rxc3 26. a4 Rb3 27. Ra1 e5 28. Bd1 Rd3 29. Bb2 e4 30. Bc2 Rd2 31. Rc1 Nb3 0-1

[Event "FRA-chT3 Gr5 0203"]
[Site "France"]
[Date "2002.10.13"]
[Round "1"]
[White "Alanic, Xavier"]
[Black "Cheverry, Francois"]
[Result "1-0"]
[WhiteElo "2132"]
[BlackElo "2137"]
[PlyCount "59"]
[EventDate "2002.12.09"]
[EventType "team-tourn"]
[EventRounds "9"]
[EventCountry "FRA"]
[SourceTitle "EXT 2004"]
[Source "ChessBase"]
[SourceDate "2003.11.25"]
[SourceVersion "1"]
[SourceVersionDate "2003.11.25"]
[SourceQuality "1"]

1. e4 c6 2. d3 d5 3. Nd2 g6 4. g3 Bg7 5. Bg2 e5 6. Ne2 Ne7 7. 0-0 0-0 8. h3 Be6 9. c3 Nd7 10. b4 a5 11. Bb2 axb4 12. cxb4 Qb6 13. a3 f5 14. Nb3 Rad8 15. Nc3 dxe4 16. dxe4 Nc5 17. bxc5 Rxd1 18. cxb6 Rxf1+ 19. Bxf1 Bxb3 20. a4 Nc8 21. Ba3 Rd8 22. Rb1 Bc2 23. Bc4+ Kh8 24. Rb2 Bxe4 25. Nxe4 fxe4 26. a5 e3 27. fxe3 e4 28. Rb1 Be5 29. a6 bxa6 30. b7 1-0

[Event "FRA-chT3 01"]
[Site "France"]
[Date "2001.03.31"]
[Round "8"]
[White "Cheverry, Francois"]
[Black "Berges, Daniel"]
[Result "0-1"]
[WhiteElo "2086"]
[BlackElo "2128"]
[PlyCount "80"]
[EventDate "2001.??.??"]
[EventType "team-tourn"]
[EventRounds "9"]
[EventCountry "FRA"]
[SourceTitle "EXT 2002"]
[Source "ChessBase"]
[SourceDate "2001.11.25"]
[SourceVersion "1"]
[SourceVersionDate "2001.11.25"]
[SourceQuality "1"]
[WhiteTeam "Yffiniac"]
[BlackTeam "Sautron"]
[WhiteTeamCountry "FRA"]
[BlackTeamCountry "FRA"]

1. e4 Nc6 2. d4 d5 3. exd5 Qxd5 4. Nf3 Bg4 5. Be2 0-0-0 6. Be3 e5 7. c4 Qa5+ 8. Bd2 Bb4 9. d5 Bxf3 10. Bxf3 Nd4 11. Nc3 Nf6 12. 0-0 Qa6 13. Be2 Bxc3 14. Bxc3 Nxe2+ 15. Qxe2 Rxd5 16. b4 Rd7 17. Bxe5 Re8 18. Qb2 Qxc4 19. Bxf6 gxf6 20. Qxf6 Qxb4 21. Qf5 Qe4 22. Qa5 Qd4 23. Qh5 Red8 24. g3 f6 25. Rfe1 Qd5 26. Qh3 f5 27. Rad1 Qf7 28. Rb1 f4 29. Qg2 c6 30. Qe4 fxg3 31. hxg3 Rd2 32. Qe3 Rxa2 33. Qc5 Rd7 34. Ra1 Rxa1 35. Rxa1 a6 36. Re1 Rd5 37. Qb6 Qd7 38. Re3 Rb5 39. Qa7 Qd1+ 40. Kg2 Qd5+ 0-1

[Event "FRA-chT3 01"]
[Site "France"]
[Date "2001.03.11"]
[Round "7"]
[White "Floc'h, Sebastien"]
[Black "Cheverry, Francois"]
[Result "1/2-1/2"]
[WhiteElo "1920"]
[BlackElo "2086"]
[PlyCount "95"]
[EventDate "2001.??.??"]
[EventType "team-tourn"]
[EventRounds "9"]
[EventCountry "FRA"]
[SourceTitle "EXT 2002"]
[Source "ChessBase"]
[SourceDate "2001.11.25"]
[SourceVersion "1"]
[SourceVersionDate "2001.11.25"]
[SourceQuality "1"]
[WhiteTeam "Rennes"]
[BlackTeam "Yffiniac"]
[WhiteTeamCountry "FRA"]
[BlackTeamCountry "FRA"]

1. d4 Nf6 2. c4 e5 3. dxe5 Ng4 4. Bf4 Bb4+ 5. Nd2 d6 6. exd6 Qf6 7. Bg3 Qxb2 8. Ngf3 Bf5 9. a3 Bc3 10. Rc1 Qxa3 11. h3 Nf6 12. Be5 Bxe5 13. Nxe5 Qxd6 14. Nef3 Nbd7 15. g3 Nc5 16. Bg2 0-0 17. 0-0 Rfe8 18. Re1 Bd7 19. Qc2 Bc6 20. Nf1 a5 21. Ne3 Red8 22. Nf5 Qf8 23. Qb2 Ne6 24. g4 Nf4 25. Nh6+ gxh6 26. Qxf6 Nxg2 27. Kxg2 Qd6 28. Qc3 Qd4 29. Qa3 Qf6 30. Kg1 b6 31. Rc3 Kh8 32. e4 Re8 33. Rce3 Rad8 34. e5 Qf4 35. Nh4 Rd2 36. Nf3 Rdd8 37. Qc3 Re6 38. Nh4 Rg8 39. Nf3 h5 40. Nd4 Reg6 41. e6 hxg4 42. Nxc6+ Rf6 43. Rg3 Qxf2+ 44. Kh1 fxe6 45. Reg1 h5 46. Qe5 Qf5 47. Qd4 Rg7 48. Ne5 1/2-1/2

[Event "FRA-chT2 9899"]
[Site "France"]
[Date "1999.??.??"]
[Round "?"]
[White "Luco, Alain"]
[Black "Cheverry, Francois"]
[Result "0-1"]
[WhiteElo "2134"]
[BlackElo "2066"]
[PlyCount "56"]
[EventDate "1998.??.??"]
[EventType "team-tourn"]
[EventRounds "9"]
[EventCountry "FRA"]
[SourceTitle "EXT 2008"]
[Source "ChessBase"]
[SourceDate "2007.11.25"]
[SourceVersion "1"]
[SourceVersionDate "2007.11.25"]
[SourceQuality "1"]

1. e4 c6 2. c4 e5 3. Nc3 Nf6 4. Bd3 d5 5. cxd5 cxd5 6. exd5 Nxd5 7. Nxd5 Qxd5 8. Qe2 Nc6 9. Be4 Qa5 10. Nf3 Bd6 11. 0-0 Bg4 12. Qc4 Bxf3 13. Bxf3 Rc8 14. Qd3 Rd8 15. Bxc6+ bxc6 16. Qc3 Qb6 17. b3 0-0 18. Bb2 Rfe8 19. Rfc1 Bb4 20. Qxc6 Qxc6 21. Rxc6 Rxd2 22. Rb1 Ba5 23. Rcc1 Bb6 24. Rf1 f6 25. a4 Rc8 26. Bc1 Re2 27. Rb2 Bxf2+ 28. Rxf2 Rxc1+ 0-1